00726cam a2200229 45000010005000000030007000050050017000120080041000290200015000700350018000850400031001030410008001340820016001422450115001582600037002733000034003103500009003445040029003536500055003826510041004377000018004781786BDjRUL20211208233418.0131209s1970 enkb 001 0 eng d a0043200672 a(BD-RjUL)1813 aDLCcDLCdDLCdBDjRULbeng aeng00a320.95bPOL14aThe politics of new states :ba general analysis with case studies from eastern Asia /cedited by Roger Scott. aLondon :bAllen & Unwin,cc1970. a3-201 p. :b2 maps. ;c23 cm. a42/- aIncludes bibliographies. 0aNewly independent statesxPolitics and government. 0aAsiaxPolitics and governmenty1945- aScott, Roger,